000 00577nam a22001937a 4500
003 OSt
005 20250901065851.0
008 250901b |||||||| |||| 00| 0 eng d
020 _a0-07-059339-6.
040 _aDWC-Main Lib.
_cOC
100 _aHILTON, RONALD W.
245 _aManagerial accounting/
_cHILTON, RONALD W.
260 _aBoston:
_bIrwin//Mc-Graw-Hill,
_cc1999.
300 _axxxii, 816 p. :
_bcol. ill. ;
_c25 cm.
504 _aIncludes index.
650 _a1. Managerial Accounting.
760 _b4th ed.
942 _2ddc
_cBK-CIRC
_e4th ed.
_hCirc.
_n0
999 _c4437
_d4437